| 000 | 01396nam a2200325Ia 4500 | ||
|---|---|---|---|
| 008 | 130821s2011 ck gr spa | ||
| 020 | _a978 958 717 064 1 | ||
| 040 |
_aCo-BoUCM _bspa |
||
| 041 | 0 | 0 | _aspa |
| 100 | 1 | _aMayorga García, Fernando | |
| 245 | 1 | 3 |
_aEl patrimonio documental de Bogotá, siglos XVI-XIX instituciones y archivos _cFernando Mayorga García, Juana M. Marín Leoz, Adelaida Sourdis Nájera ; dirección editorial Annabella Otero Berrocal |
| 260 |
_aBogotá (Colombia) _bImprenta Distrital _c2011 |
||
| 300 | _a214 páginas | ||
| 504 | _aIncluye referencias bibliográficas e índice. | ||
| 650 |
_aArchivos nacionales _xHistoria _zBogotá (Colombia) _dSiglos XVI-XIX _99326 |
||
| 650 |
_aHistoria de Colombia _926508 |
||
| 650 |
_aPatrimonio documental _zBogotá (Colombia) _dSiglos XVI-XIX _921186 |
||
| 651 |
_aBogotá (Colombia) _xHistoria _dSiglos XVI-XIX |
||
| 700 | 1 | _aKnudsen Quevedo, Hans Peter | |
| 700 | 1 | _aMarín Leoz, Juana M. | |
| 700 | 1 | _aMayorga García, Fernando | |
| 700 | 1 | _aMoreno Rojas, Samuel | |
| 700 | 1 | _aOsuna Currea, Francisco Javier | |
| 700 | 1 |
_aOtero Berrocal, Annabella _edir. |
|
| 700 | 1 | _aSourdis Nájera, Adelaida | |
| 710 | 1 |
_aColombia. _bAlcaldía Mayor de Bogotá D.C. |
|
| 710 | 2 | _aColegio Mayor de Nuestra Señora del Rosario | |
| 942 |
_cLIBRO _a21 _e1 _mM473p _2DEWEY _h986.142 |
||
| 999 |
_c75739 _d75739 |
||